Film: Deutschsprachige Regisseure - Statistiken

Allgemein
  • Dieses Quiz wurde 77 mal gespielt
  • Das Durchschnittsergebnis liegt bei 9 aus 25
Antwortstatistiken
Regisseur(in) Lebensdaten Filme % Korrekt
Fritz Lang 1890 – 1976 • Metropolis • M • Der Tiger von Eschnapur
75%
Roland Emmerich 1955 – • Independence Day • Godzilla • Der Patriot
73%
Wolfgang Petersen 1941 – 2022 • Das Boot • Die unendliche Geschichte • Troja
67%
Rainer Werner Fassbinder 1945 – 1982 • Die bitteren Tränen der Petra von Kant • Angst essen Seele auf • Die Sehnsucht der Veronika Voss
65%
Wim Wenders 1945 – • Paris, Texas • Der Himmel über Berlin • Buena Vista Social Club
65%
Werner Herzog 1942 – • Jeder für sich und Gott gegen alle • Woyzeck • Fitzcarraldo
60%
Tom Tykwer 1965 – • Lola rennt • Das Parfum • Cloud Atlas
53%
Florian Henckel von Donnersmarck 1973 – • Das Leben der Anderen • The Tourist • Werk ohne Autor
50%
Sönke Wortmann 1959 – • Der bewegte Mann • Das Wunder von Bern • Der Vorname
42%
Helmut Dietl 1944 – 2015 • Schtonk! • Late Show • Vom Suchen und Finden der Liebe
40%
Volker Schlöndorff 1939 – • Die Blechtrommel • Tod eines Handlungsreisenden • Homo Faber
38%
Fatih Akin 1973 – • Im Juli • Tschick • Der Goldene Handschuh
35%
Detlev Buck 1962 – • Männerpension • Rubbeldiekatz • Bibi & Tina: Voll verhext!
33%
Michael Haneke 1942 – • Funny Games • Caché • Das weiße Band
33%
Doris Dörrie 1955 – • Männer • Keiner liebt mich • Kirschblüten – Hanami
32%
Caroline Link 1964 – • Jenseits der Stille • Nirgendwo in Afrika • Der Junge muss an die frische Luft
28%
Joseph Vilsmaier 1939 – 2020 • Stalingrad • Schlafes Bruder • Comedian Harmonists
22%
Margarethe von Trotta 1942 – • Die bleierne Zeit • Hannah Arendt • Ingeborg Bachmann – Reise in die Wüste
22%
Uli Edel 1947 – • Christiane F. – Wir Kinder vom Bahnhof Zoo • Der Baader Meinhof Komplex • Zeiten ändern dich
22%
Leander Haußmann 1959 – • Sonnenallee • Herr Lehmann • Das Pubertier
20%
Alexander Kluge 1932 – • Abschied von gestern • Die Artisten in der Zirkuskuppel: ratlos • Der starke Ferdinand
18%
Percy Adlon 1935 – 2024 • Zuckerbaby • Out of Rosenheim • Rosalie Goes Shopping
18%
Dani Levy 1957 – • Alles auf Zucker! • Mein Führer • Die Känguru-Chroniken
15%
Wolfgang Becker 1954 – 2024 • Das Leben ist eine Baustelle • Good Bye, Lenin! • Ich und Kaminski
10%
Kurt Hoffmann 1910 – 2001 • Quax, der Bruchpilot • Ich denke oft an Piroschka • Morgens um sieben ist die Welt noch in Ordnung
7%
Keine übereinstimmenden Quizze gefunden
Verteilung der Resultate
Anzahl Personen mit jedem Resultat
Perzentil nach korrekt beantworteten Fragen
Ihre Resultats-Entwicklung
Sie haben dieses Quiz noch nicht gespielt